| 000 | 01094nam a22002177a 4500 | ||
|---|---|---|---|
| 003 | OSt | ||
| 005 | 20260317003302.0 | ||
| 008 | 260317b |||||||| |||| 00| 0 eng d | ||
| 020 | _a978-1-4169-8006-3 | ||
| 040 |
_aDWCL GS lib _cOC |
||
| 082 | _aR961d 2009 | ||
| 100 | _aRUSSELL, RACHEL RENEE | ||
| 245 |
_aDork diaries 1: tales from a not so fabulous life _cRACHEL RENEE RUSSELL |
||
| 260 |
_aNew York _bAladdin _c2009 |
||
| 300 |
_a282+ p _c21 cm |
||
| 520 | _aintroduces Nikki Maxwell, an 8th grader attending a snooty private school on a scholarship. She struggles to fit in, dealing with mean girl MacKenzie Hollister, embarrassing family, and her crush on Brandon. Nikki documents her dramatic life, new friendships with Chloe and Zoey, and artistic pursuits in her diary. | ||
| 650 | _aa diary-style novel following 8th grader Nikki Maxwell as she navigates a new, posh private school. | ||
| 650 | _aembrace your inner "dork," stay true to yourself, and find confidence in your uniqueness rather than conforming to fit in. | ||
| 700 | _aRACHEL RENEE RUSSELL | ||
| 942 |
_2ddc _cFIC. _n0 |
||
| 999 |
_c9176 _d9176 |
||